00371nam a22001457a 450000500170000000800410001702000130005804100130007108200130008410000130009724500280011026000350013830000260017365000260019920240408073914.0240408b |||||||| |||| 00| 0 eng d a0258249X aEnglish  a349 IND  lEnglish  aIndustrial Law Journal  aCape Town: bJUTA Law, c2004  b178 pages ; c25 cm.  aLegal practice bLaw